Kfz-Kennzeichen Sachsen - Statistiken

Allgemein
  • Dieses Quiz wurde 84 mal gespielt
    34 seit der letzten Aktualisierung
  • Das Durchschnittsergebnis liegt bei 37 aus 57
Antwortstatistiken
Kennzeichen Stadt % Korrekt
BZ Bautzen
100%
C Chemnitz
100%
DD Dresden
100%
ERZ Erzgebirge
100%
FG Freiberg
100%
HY Hoyerswerda
100%
L Leipzig
100%
NY Niesky
100%
V Vogtland
100%
Z Zwickau
100%
ANA Annaberg
83%
AU Aue
83%
DZ Delitzsch
83%
FTL Freital
83%
KM Kamenz
83%
MEI Meißen
83%
OZ Oschatz
83%
PIR Pirna
83%
PL Plauen
83%
RIE Riesa
83%
TG Torgau
83%
ZI Zittau
83%
BIW Bischofswerda
67%
DW Dippoldiswalde
67%
DL Döbeln
67%
FLÖ Flöha
67%
GC Glauchau
67%
GR Görlitz
67%
GRM Grimma
67%
HOT Hohenstein
67%
LÖB Löbau
67%
MW Mittweida
67%
TDO Torgau-Delitzsch-Oschatz
67%
WSW Weißwasser
67%
WUR Wurzen
67%
ZP Zschopau
67%
AE Auerbach
50%
BNA Borna
50%
GRH Großenhain
50%
HC Hainichen
50%
MAB Marienberg
50%
OVL Obervogtland
50%
SZB Schwarzenberg
50%
SEB Sebnitz
50%
TO Torgau-Oschatz
50%
ASZ Aue-Schwarzenberg
33%
EB Eilenburg
33%
GHA Geithain
33%
MEK Mittlerer Erzgebirgskreis
33%
MTL Muldental
33%
NOL Niederschlesische Oberlausitz
33%
RL Rochlitz
33%
STL Stollberg
33%
BED Brand-Erbisdorf
17%
RC Reichenbach
17%
RG Riesa-Großenhain
17%
WDA Werdau
17%
Keine übereinstimmenden Quizze gefunden
Verteilung der Resultate
Anzahl Personen mit jedem Resultat
Perzentil nach korrekt beantworteten Fragen
Ihre Resultats-Entwicklung
Sie haben dieses Quiz seit der letzten Aktualisierung nicht gespielt